000 01086nam a2200253Ia 4500
003 OSt
005 20221002044332.0
006 a|||||r|||| 00| 0
007 ta
008 220930b |||||||| |||| 00| 0 hin d
020 _a8179750442 (hbk (Set))
_c3000
024 _a99648
037 _b400, 22/03/2010, Swaraj Prakashan
_cReference Collections
040 _aCRL
_cCRL
_bhin
041 _2hin
_ahin
082 _aO152,6M90x, P4.1-.4 (RR)
100 _aविद्यार्थी, गणेशशंकर
245 0 _aगणेशशंकर विद्यार्थी रचनावली
260 _aनई
_bदिल्ली अनामिका पब्लिशर्स प्रा.लि. प्रा.
_c2004
490 _vभाग 1
700 _a सलिल, सुरेश, संपा.
942 _hO152,6M90x, P4.1-.4 (RR)
_cref
_2CC
999 _c910157
_d910157